000 00594cam a2200145 4500500
005 20260208002407.0
041 _afre
042 _adc
100 1 0 _aGiafferi-Dombre, Natacha
_eauthor
245 0 0 _aMartin F. Manalansan IV, Global Divas : Filipino Gay Men in the Diaspora, Durham-London, Duke University Press, 2003, 221 p., bibl., gloss., index (« Perverse Modernities »)
260 _c2007.
500 _a17
786 0 _nL'Homme | 181 | 1 | 2007-01-01 | p. 213l-274l | 0439-4216
856 4 1 _uhttps://shs.cairn.info/revue-l-homme-2007-1-page-213l?lang=fr&redirect-ssocas=7080
999 _c1646099
_d1646099